000 00524nam a22001937a 4500
005 20250220125230.0
010 _aENG-143044
020 _c200.00
_a9789382300991
035 _aEN-126576
037 _bDBAD
082 _a480
_21
100 _aHossain, Akam
_978266
245 _aA Study of English Philology/
_cby Akam Hossain
250 _a1
260 _aKolkata
_bParul
_c2013
270 _a8/3 Chitamoni Das Lane
_bKolkata
_e700009
300 _a320p.
_c21cm(pb).
942 _2ddc
_cEN
_h480
_mHOS
_e1
999 _c209582
_d209582